Đi tìm bản sắc tiếng Việt

Đã lưu trong:
Sonraí Bibleagrafaíochta
Príomhúdar: Trịnh, Sâm
Formáid: Leabhar
Teanga:Undetermined
Foilsithe: Hà Nội Giáo dục 2004
Ábhair:
Clibeanna: Cuir Clib Leis
Gan Chlibeanna, Bí ar an gcéad duine leis an taifead seo a chlibeáil!
Thư viện lưu trữ: Trung tâm Học liệu Trường Đại học Cần Thơ
LEADER 00543nam a2200205Ia 4500
001 CTU_60746
008 210402s9999 xx 000 0 und d
020 |b 24000 
082 |a 495.92209 
082 |b S120 
100 |a Trịnh, Sâm 
245 0 |a Đi tìm bản sắc tiếng Việt 
245 0 |c Trịnh Sâm 
260 |a Hà Nội 
260 |b Giáo dục 
260 |c 2004 
650 |a Vietnamese language 
650 |x Philosophy 
904 |i Minh, Năm 
980 |a Trung tâm Học liệu Trường Đại học Cần Thơ